[Event "Liberec op 11th"]
[Site "Liberec"]
[Date "2010.10.28"]
[Round "6"]
[White "Prachar, Josef"]
[Black "Fales, Anatolij"]
[Result "0-1"]
[WhiteElo "1922"]
[BlackElo "2021"]
[PlyCount "52"]
[EventDate "2010.10.23"]
[EventType "swiss"]
[EventRounds "9"]
[EventCountry "CZE"]
[SourceTitle "EXT 2011"]
[Source "ChessBase"]
[SourceDate "2010.11.26"]
[SourceVersion "1"]
[SourceVersionDate "2010.11.26"]
[SourceQuality "1"]

1. d4 Nf6 2. c4 e6 3. Nc3 Bb4 4. a3 Bxc3+ 5. bxc3 b6 6. f3 Ba6 7. e4 Nc6 8. Bd3 Na5 9. Qe2 Qc8 10. Be3 c5 11. d5 exd5 12. cxd5 c4 13. Bc2 Nb3 14. Rb1 Nc5 15. Bd4 Nh5 16. g3 0-0 17. Kf1 Nb3 18. Be3 Re8 19. Qf2 d6 20. g4 Nf6 21. Qg3 Nxd5 22. Re1 Nxe3+ 23. Rxe3 Qc5 24. Re1 Qxa3 25. Kg2 Qb2 26. Re2 Qxc3 0-1

[Event "Liberec op"]
[Site "Liberec"]
[Date "2005.10.28"]
[Round "8"]
[White "Fales, Anatolij"]
[Black "Maliszewski, Jaroslaw"]
[Result "1-0"]
[WhiteElo "2049"]
[BlackElo "1933"]
[PlyCount "37"]
[EventDate "2005.10.22"]
[EventType "swiss"]
[EventRounds "9"]
[EventCountry "CZE"]
[SourceTitle "EXT 2006"]
[Source "ChessBase"]
[SourceDate "2005.11.24"]
[SourceVersion "1"]
[SourceVersionDate "2005.11.24"]
[SourceQuality "1"]

1. e4 c5 2. c3 d5 3. exd5 Qxd5 4. d4 e5 5. dxe5 Qxe5+ 6. Be3 Nf6 7. Nf3 Qc7 8. Na3 a6 9. Be2 b5 10. 0-0 Bd6 11. Bxb5+ axb5 12. Nxb5 Bxh2+ 13. Nxh2 Qc6 14. Nd6+ Kf8 15. Nxc8 Qxc8 16. Bxc5+ Qxc5 17. Qd8+ Ne8 18. Rfe1 Qc6 19. Qe7+ 1-0

[Event "Liberec op"]
[Site "Liberec"]
[Date "2005.10.27"]
[Round "7"]
[White "Brazda, Antonin"]
[Black "Fales, Anatolij"]
[Result "1/2-1/2"]
[WhiteElo "1958"]
[BlackElo "2049"]
[PlyCount "75"]
[EventDate "2005.10.22"]
[EventType "swiss"]
[EventRounds "9"]
[EventCountry "CZE"]
[SourceTitle "EXT 2006"]
[Source "ChessBase"]
[SourceDate "2005.11.24"]
[SourceVersion "1"]
[SourceVersionDate "2005.11.24"]
[SourceQuality "1"]

1. d4 Nf6 2. c4 g6 3. Nc3 Bg7 4. e4 d6 5. Bd3 0-0 6. Nge2 e5 7. d5 Na6 8. f3 Nc5 9. Bb1 Nh5 10. b4 Na6 11. a3 Qh4+ 12. Kf1 f5 13. Qe1 Qd8 14. Be3 c6 15. Qd2 Nc7 16. Bg5 Bf6 17. Bxf6 Qxf6 18. Ng3 Nf4 19. h4 cxd5 20. cxd5 Bd7 21. a4 Rac8 22. Bc2 Na6 23. Nce2 Rc7 24. Bb3 Rfc8 25. h5 gxh5 26. Nxh5 Nxh5 27. Rxh5 f4 28. Kf2 Be8 29. Rhh1 Rg7 30. Rh2 Qd8 31. a5 Nc7 32. Bc4 a6 33. Bd3 Nb5 34. Rc1 Rgc7 35. Rhh1 Rxc1 36. Rxc1 Qh4+ 37. Kg1 Nc7 38. Nc3 1/2-1/2

[Event "Liberec op"]
[Site "Liberec"]
[Date "2005.10.25"]
[Round "4"]
[White "Fales, Anatolij"]
[Black "Kopal, Josef"]
[Result "0-1"]
[WhiteElo "2049"]
[BlackElo "2308"]
[PlyCount "72"]
[EventDate "2005.10.22"]
[EventType "swiss"]
[EventRounds "9"]
[EventCountry "CZE"]
[SourceTitle "EXT 2006"]
[Source "ChessBase"]
[SourceDate "2005.11.24"]
[SourceVersion "1"]
[SourceVersionDate "2005.11.24"]
[SourceQuality "1"]

1. e4 Nf6 2. e5 Nd5 3. d4 d6 4. Nf3 dxe5 5. Nxe5 Nd7 6. Nxf7 Kxf7 7. Qh5+ Ke6 8. c4 N5f6 9. d5+ Kd6 10. Bf4+ e5 11. dxe6+ Kxe6 12. Qf3 Bb4+ 13. Nc3 Nc5 14. Be2 Kf7 15. h3 Re8 16. 0-0 Bxc3 17. bxc3 Bd7 18. Rfd1 Qe7 19. Be3 Bc6 20. Qf5 Nce4 21. c5 Qe5 22. Bc4+ Kf8 23. Qxe5 Rxe5 24. Bd4 Rg5 25. g4 Rxc5 26. Bxc5+ Nxc5 27. Rd4 Re8 28. Rad1 Ne6 29. R4d3 Nf4 30. Rd8 Nxh3+ 31. Kh2 Nxf2 32. Rxe8+ Bxe8 33. Rf1 N2xg4+ 34. Kg3 Ne3 35. Rf4 Ke7 36. Be2 Bc6 0-1

[Event "Liberec op"]
[Site "Liberec"]
[Date "2004.??.??"]
[Round "2"]
[White "Fales, Anatolij"]
[Black "Bartos, Jan"]
[Result "0-1"]
[WhiteElo "2071"]
[BlackElo "2269"]
[PlyCount "128"]
[EventDate "2004.10.23"]
[EventType "swiss"]
[EventRounds "9"]
[EventCountry "CZE"]
[SourceTitle "EXT 2005"]
[Source "ChessBase"]
[SourceDate "2004.11.15"]
[SourceVersion "1"]
[SourceVersionDate "2004.11.15"]
[SourceQuality "1"]

1. e4 d6 2. d4 Nf6 3. f3 e5 4. d5 c6 5. c4 Be7 6. Be3 0-0 7. Nc3 Ne8 8. Bd3 Bg5 9. Bf2 Nd7 10. Nge2 Nc5 11. 0-0 a5 12. Na4 Nxa4 13. Qxa4 c5 14. a3 Bd7 15. Qd1 a4 16. Nc3 Nc7 17. Qe2 Qe7 18. Rab1 Ra7 19. b4 axb3 20. Rxb3 Rfa8 21. Qb2 Bc8 22. a4 h5 23. Ra3 Ra5 24. Be1 Be3+ 25. Bf2 Bxf2+ 26. Qxf2 Na6 27. Bc2 Nb4 28. Qd2 Bd7 29. Na2 Nxc2 30. Qxc2 Rxa4 31. Rxa4 Rxa4 32. Rb1 Ra7 33. Rb6 Bc8 34. Qb2 Qc7 35. Nc3 Ra6 36. Rb3 Qa5 37. Kf2 Kf8 38. Rb5 Qa1 39. Qxa1 Rxa1 40. Rb6 Ra6 41. Rb3 Ke7 42. Kg3 g5 43. h3 h4+ 44. Kf2 Kd8 45. g3 Kc7 46. Nb5+ Kb8 47. Nc3 Bd7 48. gxh4 gxh4 49. Kg2 Ra1 50. Rb1 Rxb1 51. Nxb1 Kc7 52. Nc3 Kb6 53. f4 exf4 54. Ne2 Ka5 55. Nxf4 Kb4 56. Kf3 Kxc4 57. Ng2 Bxh3 58. Nxh4 b5 59. Ke3 b4 60. Nf3 b3 61. Kd2 Bg2 62. Ng5 f6 63. Nf7 Bxe4 64. Nxd6+ Kxd5 0-1

[Event "Liberec op"]
[Site "Liberec"]
[Date "2004.??.??"]
[Round "7"]
[White "Fales, Anatolij"]
[Black "Brauer, Christian E"]
[Result "0-1"]
[WhiteElo "2071"]
[BlackElo "2156"]
[PlyCount "70"]
[EventDate "2004.10.23"]
[EventType "swiss"]
[EventRounds "9"]
[EventCountry "CZE"]
[SourceTitle "EXT 2005"]
[Source "ChessBase"]
[SourceDate "2004.11.15"]
[SourceVersion "1"]
[SourceVersionDate "2004.11.15"]
[SourceQuality "1"]

1. e4 e6 2. d4 d5 3. Nd2 Nf6 4. e5 Nfd7 5. Bd3 c5 6. c3 b6 7. f4 Ba6 8. Ndf3 Bxd3 9. Qxd3 Nc6 10. Nh3 g6 11. 0-0 Be7 12. Be3 c4 13. Qc2 b5 14. b3 Nb6 15. Nd2 Qc7 16. b4 a5 17. a3 axb4 18. axb4 0-0 19. g4 Ra7 20. f5 Rfa8 21. Rxa7 Qxa7 22. fxe6 fxe6 23. Bh6 Qa4 24. Qb1 Qa3 25. Nf4 Qxc3 26. Nxe6 Nxd4 27. Nf4 Qxd2 28. Nxd5 Ne2+ 29. Kf2 Qxd5 30. Kxe2 Qxe5+ 31. Kf3 Qxh2 32. Rh1 Ra3+ 33. Be3 Qe5 34. Qc1 Bxb4 35. Kf2 Ra2+ 0-1

[Event "Liberec op"]
[Site "Liberec"]
[Date "2004.??.??"]
[Round "5"]
[White "Fales, Anatolij"]
[Black "Philipp, Gerhard"]
[Result "1-0"]
[WhiteElo "2071"]
[BlackElo "1885"]
[PlyCount "65"]
[EventDate "2004.10.23"]
[EventType "swiss"]
[EventRounds "9"]
[EventCountry "CZE"]
[SourceTitle "EXT 2005"]
[Source "ChessBase"]
[SourceDate "2004.11.15"]
[SourceVersion "1"]
[SourceVersionDate "2004.11.15"]
[SourceQuality "1"]

1. e4 d6 2. d4 Nf6 3. Nc3 g6 4. f4 Bg7 5. Nf3 0-0 6. Bc4 Nxe4 7. Bxf7+ Rxf7 8. Nxe4 Nd7 9. Nfg5 Nf6 10. Nxf7 Kxf7 11. Ng5+ Kg8 12. 0-0 Bf5 13. c3 h6 14. Qb3+ d5 15. Nf3 Bd3 16. Re1 Ba6 17. Ne5 Kh7 18. Qc2 Ne4 19. b3 Qd6 20. c4 c6 21. a4 Qe6 22. Be3 Rf8 23. Rac1 Qd6 24. Qb1 Bxe5 25. fxe5 Qe6 26. b4 Bxc4 27. Rxc4 dxc4 28. Qxe4 Qf7 29. Qh4 Qg7 30. e6 Rf5 31. g4 g5 32. Qg3 Rd5 33. Rf1 1-0

[Event "Klatovy op-A"]
[Site "Klatovy"]
[Date "2002.??.??"]
[Round "?"]
[White "Fales, Anatolij"]
[Black "Drahorad, Daniel"]
[Result "0-1"]
[WhiteElo "1910"]
[BlackElo "1955"]
[PlyCount "82"]
[EventDate "2002.??.??"]
[EventType "swiss"]
[EventRounds "9"]
[EventCountry "CZE"]
[SourceTitle "EXT 2005"]
[Source "ChessBase"]
[SourceDate "2004.11.15"]
[SourceVersion "1"]
[SourceVersionDate "2004.11.15"]
[SourceQuality "1"]

1. e4 e6 2. d4 d5 3. Nd2 Nf6 4. e5 Nfd7 5. c3 c5 6. Bd3 Nc6 7. Ndf3 Be7 8. Ne2 f6 9. exf6 Bxf6 10. 0-0 0-0 11. Bc2 e5 12. dxe5 Ndxe5 13. Nxe5 Bxe5 14. Ng3 Qd6 15. Qd3 g6 16. Bh6 Rf7 17. f4 Bg7 18. Bxg7 Kxg7 19. Ne4 Qd8 20. Nxc5 b6 21. Ba4 Ne7 22. Qd4+ Kg8 23. Ne4 Nf5 24. Qd3 Bd7 25. Bxd7 dxe4 26. Qd5 Ne3 27. Qxe4 Nxf1 28. Be6 Nd2 29. Qe2 Qd6 30. Rd1 Rd8 31. Bxf7+ Kxf7 32. Re1 Qd7 33. Qe3 Re8 34. Qf2 Rxe1+ 35. Qxe1 Qd3 36. Kf2 Ne4+ 37. Kg1 Qc2 38. b3 Nxc3 39. h3 Qb1 40. Kf2 Qxe1+ 41. Kxe1 Nxa2 0-1

[Event "Klatovy op-A"]
[Site "Klatovy"]
[Date "2002.??.??"]
[Round "?"]
[White "Fales, Anatolij"]
[Black "Vevera, Radek"]
[Result "1/2-1/2"]
[WhiteElo "1910"]
[BlackElo "1975"]
[PlyCount "75"]
[EventDate "2002.??.??"]
[EventType "swiss"]
[EventRounds "9"]
[EventCountry "CZE"]
[SourceTitle "EXT 2005"]
[Source "ChessBase"]
[SourceDate "2004.11.15"]
[SourceVersion "1"]
[SourceVersionDate "2004.11.15"]
[SourceQuality "1"]

1. e4 c6 2. d4 d5 3. Nc3 dxe4 4. Nxe4 Bf5 5. Ng3 Bg6 6. h4 h6 7. h5 Bh7 8. Nf3 Nd7 9. Bd3 Bxd3 10. Qxd3 Ngf6 11. Bf4 Qa5+ 12. Bd2 Qc7 13. 0-0-0 e6 14. Rhe1 0-0-0 15. Qe2 Bd6 16. Ne5 Rhf8 17. f4 c5 18. dxc5 Bxc5 19. Ne4 Nxe4 20. Qxe4 Nf6 21. Qf3 Nd5 22. Re4 Nf6 23. Rc4 Rd4 24. Qc3 Rxc4 25. Qxc4 Nd5 26. Qb5 a6 27. Qe2 Rd8 28. g3 Rd6 29. Nc4 Rd8 30. Ba5 b6 31. Bd2 Kb7 32. Qe5 Qxe5 33. Nxe5 f6 34. Nd3 Kc6 35. Re1 Re8 36. Nxc5 Kxc5 37. Be3+ Nxe3 38. Rxe3 1/2-1/2

[Event "Klatovy op-A"]
[Site "Klatovy"]
[Date "2001.??.??"]
[Round "?"]
[White "Fales, Anatolij"]
[Black "Stluka, Petr"]
[Result "0-1"]
[WhiteElo "1970"]
[BlackElo "2215"]
[PlyCount "138"]
[EventDate "2001.07.??"]
[EventType "swiss"]
[EventRounds "9"]
[EventCountry "CZE"]
[SourceTitle "EXT 2006"]
[Source "ChessBase"]
[SourceDate "2005.11.24"]
[SourceVersion "1"]
[SourceVersionDate "2005.11.24"]
[SourceQuality "1"]

1. Nf3 Nf6 2. d4 e6 3. c4 Bb4+ 4. Bd2 Qe7 5. a3 Bxd2+ 6. Nbxd2 d6 7. e4 e5 8. d5 Bg4 9. Bd3 0-0 10. Nf1 a5 11. Ng3 Na6 12. h3 Bxf3 13. Qxf3 g6 14. Qe3 Nc5 15. Bc2 a4 16. 0-0 Nfd7 17. Rae1 Qf6 18. Qc3 Qg5 19. Qe3 Qf4 20. Qc3 h5 21. Re3 Qh6 22. Ne2 Kh7 23. Rg3 Rae8 24. Qa5 Nb6 25. Qc3 Re7 26. f4 exf4 27. Rxf4 Nbd7 28. Rgf3 Qg7 29. Nd4 Ne5 30. Rg3 Qh6 31. Rf1 h4 32. Re3 Nxc4 33. Re2 Ne5 34. Ref2 Rfe8 35. Rf4 Rh8 36. Qe1 Kg7 37. Qc3 Kh7 38. Qe1 Kg8 39. Qe3 Qg5 40. Nf3 Nxf3+ 41. Qxf3 Rh7 42. Rg4 Qh6 43. Qf6 Re8 44. Rff4 Qg7 45. Qxg7+ Kxg7 46. Kf2 Reh8 47. Ke3 Rh5 48. Kd4 f6 49. Rf3 g5 50. Rc3 Ra8 51. Bd1 Rhh8 52. g3 hxg3 53. Rcxg3 Kf8 54. h4 Rxh4 55. Rxh4 gxh4 56. Rh3 Kg7 57. Rxh4 Rh8 58. Rg4+ Kf7 59. Rg2 Rh4 60. Bg4 Rh1 61. Bf5 c6 62. Rc2 Rd1+ 63. Kc4 b5+ 64. Kb4 cxd5 65. exd5 Rxd5 66. Rf2 Ne6 67. Kc3 Rc5+ 68. Kd3 Ng7 69. Be4 f5 0-1